রিচার্ড নিক্সন রাজনৈতিক জীবনালেখ্য / (Record no. 9660)
[ view plain ]
| 000 -LEADER | |
|---|---|
| fixed length control field | 00693nam a2200217 a 4500 |
| 001 - CONTROL NUMBER | |
| JCCL Control Number | 9660 |
| 003 - CONTROL NUMBER IDENTIFIER | |
| JCCL marc code | BD-JhCC |
| 005 - DATE AND TIME OF LATEST TRANSACTION | |
| control field | 20180321185833.0 |
| 008 - FIXED-LENGTH DATA ELEMENTS--GENERAL INFORMATION | |
| fixed length control field | 180321s1969 bg a|||| ||a| 000 0 b d |
| 035 ## - SYSTEM CONTROL NUMBER | |
| system control number | (BD-JhCC)9660 |
| 040 ## - CATALOGING SOURCE | |
| Original cataloging agency | BD-JhCC |
| Modifying agency | BD-JhCC |
| 041 ## - LANGUAGE CODE | |
| Language code of Book | ben |
| 082 ## - DEWEY DECIMAL CLASSIFICATION NUMBER | |
| Classification number | 923 |
| Author mark and Year | CHA 1969 |
| 100 ## - MAIN ENTRY--PERSONAL NAME | |
| Personal name | চ্যাটার্জী, এ.আর. |
| 245 ## - TITLE STATEMENT | |
| Title | রিচার্ড নিক্সন রাজনৈতিক জীবনালেখ্য / |
| Statement of responsibility, etc | এ.আর.চ্যাটার্জী |
| 260 ## - PUBLICATION, DISTRIBUTION, ETC. (IMPRINT) | |
| Place of publication, distribution, etc | ঢাকা: |
| Name of publisher, distributor, etc | খোশরোজ কিতাব মহল; |
| Date of publication, distribution, etc | 1969. |
| 300 ## - PHYSICAL DESCRIPTION | |
| Pagination | 211 p. : |
| Dimensions | 21 cm. |
| 651 ## - SUBJECT ADDED ENTRY--GEOGRAPHIC NAME | |
| Geographic name | Biography |
| 942 ## - ADDED ENTRY ELEMENTS (KOHA) | |
| Source of classification or shelving scheme | Dewey Decimal Classification |
| Koha item type | Books |
| Source of classification or shelving scheme | Damaged status | Not for loan | Home library | Current library | Shelving location | Date of accession | Cost, normal purchase price | Total Checkouts | Full call number | Barcode | Date last seen | Copy number | Koha item type |
|---|---|---|---|---|---|---|---|---|---|---|---|---|---|
| Dewey Decimal Classification | JCC Rouf Library | JCC Rouf Library | General Stacks | 03/21/2018 | 3.00 | 923 CHA 1969 | 12615 | 03/21/2018 | C - 1 | Books |